| 000 | 00795nam a2200253 i 4500 | ||
|---|---|---|---|
| 001 | bg | ||
| 100 | 1 | _aBOARDMAN, Ted. | |
| 245 | 1 | 0 |
_a3D Studio MAX 2. _nT. 3, _pZaawansowane techniki modelowania / _cTed Boardman & Jeremy Hubbel ; [tł. zbiorowe] |
| 260 |
_aGliwice : _b"Helion", _ccop. 1998. |
||
| 300 |
_a572 s., [8] s. tabl. kolor. : _bil. ; _c24 cm + _eCD ROM. |
||
| 500 | _aAut. cz. 1 i 2: Steven D. Elliott, Phillip L. Miller. | ||
| 504 | _aIndeks. | ||
| 650 | 9 | _a3D Studio | |
| 655 | _aPodręczniki | ||
| 700 | 1 | _aHUBBEL, Jeremy. | |
| 020 | _a8371971486 | ||
| 040 | _cBPK | ||
| 041 | 1 |
_apl _hen |
|
| 080 | _a004.42:004.4'27](07) | ||
| 920 | _a83-7197-148-6 | ||
| 942 | _cKS | ||
| 008 | s pl f |000 0 pol | ||
| 999 |
_c39149 _d39149 |
||